Biblioteka Instytutu Północnego w Olsztynie

Widok standardowy Widok MARC

Pozycja Geographic Name

Liczba rekordów, w których użyto hasła: 1

001 - Numer kontrolny

  • control field: 38241

003 - Identyfikator numeru kontrolnego

  • control field: NUKAT

005 - Data i czas ostatniej modyfikacji

  • control field: 20260317105157.0

008 - Dane kontrolne kodowane (40 znaków)

  • fixed length control field: 050120n||azznnbabn |a ana |

010 ## - Numer kontrolny Biblioteki Kongresu

  • numer kontrolny LC: p 2004402948

035 ## - Numer systemowy

  • numer systemowy: a10162252

035 ## - Numer systemowy

  • numer systemowy: (PL)a0000001016225

040 ## - Instytucja sporządzająca rekord

  • inst. przygot. dane do rek. khw: WA N
  • język haseł przedmiotowych/tezaurus: DBN
  • inst. wprow. rek. khw: WA N

043 ## - Kod obszaru geograficznego

  • ISO code: PL

151 ## - Hasło - nazwa geograficzna

  • nazwa geograficzna: Krajna

368 ## - Other Attributes

  • Juris type: Krainy historyczne

451 ## - Trop zob. - nazwa geograficzna

  • nazwa geograficzna: Krajna Złotowska

451 ## - Trop zob. - nazwa geograficzna

  • nazwa geograficzna: Krajna (kraina historyczna)

550 ## - Trop zob. też - nazwa pospolita

  • nazwa posp. lub nazwa geogr. na pocz.: Haft krajeński

550 ## - Trop zob. też - nazwa pospolita

  • nazwa posp. lub nazwa geogr. na pocz.: Krajną oczarowani (projekt)

550 ## - Trop zob. też - nazwa pospolita

  • nazwa posp. lub nazwa geogr. na pocz.: Kuchnia krajeńska

551 ## - Trop zob. też - nazwa geograficzna

  • podpole kontrolne: g
  • nazwa geograficzna: Wielkopolska

670 ## - Źródło informacji

  • źródło informacji: SGKP
Biblioteka Instytutu Północnego, ul. Partyzantów 87, 10-402 Olsztyn, email: biblioteka(at)ip.olsztyn.pl